000 01168nam a2200241Ia 4500
003 Ost
005 20260416102353.0
008 260416s9999||||xx |||||||||||||| ||und||
040 _cfsecg
041 _aara
082 _a336
100 _aزعباط، لطفي
_eمؤلف
245 0 _aالمالية العامة /
_c لطفي زعباط
260 _aالجزائر
_bجامعة الجزائر3: كلية العلوم الإقتصادية، العلوم التجارية وعلوم التسيير
_c2018
300 _a172 ورقة
_b ايضاحات
_c30 سم
520 _aالتحول في دور الدولة ورفع كفاءة أدائها في ظل التحديات الدولية والعولمة، نظرية النفقات العامة، نظرية الايرادات العامة، الميزانية.
653 _aالايرادات العامة
653 _aالمالية العامة
653 _aالميزانية
653 _aالنفقات العامة
710 _aجامعة الجزائر3: كلية العلوم الإقتصادية، العلوم التجارية وعلوم التسيير
_eناشر علمي
942 _cHANDOUT
999 _c41096
_d41096